000 00701nam a2200241 a 4500
008
020 _a0750621680 (pbk.)
049 _aMAIN
090 _aTK7867
100 1 _aSinclair, Ian R.
245 1 0 _aPractical electronics handbook /
_cIan R. Sinclair.
250 _a4th ed.
260 _aOxford :
_bNewnes Butterworth-Heinemann,
_cc1994.
300 _aix, 439 p. :
_bill. ;
_c24 cm.
504 _aIncludes bibliographical references.
500 _aIncludes index.
650 0 _aElectronic circuits.
907 _a.b10067310
_b12-10-05
_c17-04-03
999 _aLOCAL MN
_c155236
_d155236
003
005 20230123133825.0
040 _cNUST
942 _cBOOKS
_kTK7867